000 nam a22 7a 4500
999 _c219577
_d219577
003 ASAB
005 20170214122317.0
008 170214b xxu||||| |||| 00| 0 eng d
020 _a978-1-910190-49-4
040 _cASAB
082 _a610
245 _astaphylococcus
_bgenetics and physiology
260 _aNorfolk UK
_bcaister academic press
_c2016c
300 _a387 p
942 _2ddc
_cBK